| 000 | 00787nam a2200169Ia 4500 | ||
|---|---|---|---|
| 008 | 090711s9999 xx 000 0 und d | ||
| 082 | _b66484 | ||
| 100 | _aसाठवणे पां. आ. | ||
| 245 | _aबालकांSाा आहार व आरोग्य / आपला आहार व आपले स्वास्थ | ||
| 260 | _c1991 | ||
| 300 | _a22+46 | ||
| 600 | _aसाठवणे पां. आ. | ||
| 630 | _aबालकांSाा आहार व आरोग्य / आपला आहार व आपले स्वास्थ | ||
| 700 | _aसाठवणे पां. आ. | ||
| 730 | _aबालकांSाा आहार व आरोग्य / आपला आहार व आपले स्वास्थ | ||
| 942 | _cBOOK | ||
| 999 |
_c312218 _d312218 |
||